000 00685nam a2200217 a 4500
003 BD-DhJNU
005 20250826042810.0
008 160526s1970 enka 001 0 eng d
020 _a0333098714
040 _aBD-DhJNU
_bENG
_cBD-DhJNU
_dBD-DhJNU
082 0 0 _a953 HIH
_223
100 1 _aHitti, Philip K.
245 1 0 _aHistory of the Arabs :
_bfrom the earliest times to the present /
_cPhilip K. Hitti
250 _a10th ed.
260 _a[London]
_bMacmillan;
_a[New York]
_bSt Martin's Press
_cc1970.
300 _axxiv, 822 p. :
_billus., geneal. tables, maps.
_c23 cm.
504 _aIncludes Index.
650 0 _aArabs
_xHistory
651 0 _aIslamic Empire
_xHistory
942 _cBK
999 _c2025
_d2025